El derecho en la sociedad telemática : (Record no. 182154)
[ view plain ]
| 000 -LEADER | |
|---|---|
| campo de control de longitud fija | 01243nam a2200289 i 4500 |
| 001 - NÚMERO DE CONTROL | |
| campo de control | 182154 |
| 003 - IDENTIFICADOR DE NÚMERO DE CONTROL | |
| campo de control | ES-MaACL |
| 005 - FECHA Y HORA DE LA ÚLTIMA TRANSACCIÓN | |
| campo de control | 20231022172127.0 |
| 008 - DATOS DE LONGITUD FIJA--INFORMACIÓN GENERAL | |
| campo de control de longitud fija | 130620s2012 sp a | |||||||| | spa d |
| 020 ## - NÚMERO INTERNACIONAL ESTÁNDAR DEL LIBRO | |
| Número Internacional Estándar del Libro | 978-84-8408-678-9 |
| 080 ## - NÚMERO DE LA CLASIFICACIÓN DECIMAL UNIVERSAL | |
| Número de la Clasificación Decimal Universal | 929 Carrascosa López, Valentín |
| 080 ## - NÚMERO DE LA CLASIFICACIÓN DECIMAL UNIVERSAL | |
| Número de la Clasificación Decimal Universal | 34:004(082.2) |
| 245 03 - MENCIÓN DEL TÍTULO | |
| Título | El derecho en la sociedad telemática : |
| Resto del título | estudios en homenaje al Prof. Dr. D. Valentín Carrascosa López / |
| Mención de responsabilidad, etc. | [edición coordinada por Marcelo Bauzá Reilly y Federico Bueno de Mata ; relación de autores, Marcelo Bauzá Reilly ... et al.]. |
| 260 ## - PUBLICACIÓN, DISTRIBUCIÓN, ETC. | |
| Lugar de publicación, distribución, etc. | Santiago de Compostela : |
| Nombre del editor, distribuidor, etc. | Andavira, |
| Fecha de publicación, distribución, etc. | D.L. 2012. |
| 300 ## - DESCRIPCIÓN FÍSICA | |
| Extensión | XXIII, 706 p. : |
| Otras características físicas | il., gráf. ; |
| Dimensiones | 24 cm. |
| 504 ## - NOTA DE BIBLIOGRAFÍA, ETC. | |
| Nota de bibliografía, etc. | Incluye referencias bibliográficas. |
| 546 ## - NOTA DE IDIOMA | |
| Nota de lengua/lenguaje | Textos en español y francés. |
| 600 04 - PUNTO DE ACCESO ADICIONAL DE MATERIA--NOMBRE DE PERSONA | |
| Nombre de persona | Carrascosa López, Valentín. |
| 9 (RLIN) | 35581 |
| 650 #4 - PUNTO DE ACCESO ADICIONAL DE MATERIA--TÉRMINO DE MATERIA | |
| Término de materia o nombre geográfico como elemento de entrada | Informática- |
| Subdivisión general | Derecho. |
| 9 (RLIN) | 152941 |
| 700 1# - ENTRADA AGREGADA--NOMBRE PERSONAL | |
| Nombre de persona | Carrascosa López, Valentín. |
| 9 (RLIN) | 35581 |
| 700 1# - ENTRADA AGREGADA--NOMBRE PERSONAL | |
| Nombre de persona | Bauzá Reilly, Marcelo. |
| 9 (RLIN) | 152942 |
| 700 1# - ENTRADA AGREGADA--NOMBRE PERSONAL | |
| Nombre de persona | Bueno de Mata, Federico. |
| 9 (RLIN) | 152943 |
| 852 ## - LOCALIZACIÓN | |
| Ubicación | ES-MaACL |
| Número de control de estantería | A-12726 |
| itemnumber | 189065 |
| Sublocalización o colección | R.149007 |
| Ubicación en estantería | Depósito 1 |
| Signatura antigua | Olim: N-5726 |
| Encuadernación | Donación: Valentín Carrascosa López |
| 903 ## - NOMBRE PERSONAL DE DONANTE | |
| 9 | 35581 |
| a | Carrascosa López, Valentín |
| e | Donante |
| 942 ## - ELEMENTOS DE ENTRADA SECUNDARIOS (KOHA) | |
| Fuente del sistema de clasificación o colocación | Clasificación decimal universal |
| Estatus retirado | Estado de pérdida | Fuente del sistema de clasificación o colocación | Estado de daño | No para préstamo | Biblioteca de origen | Biblioteca actual | Ubicación en estantería | Fecha de adquisición | Fuente de adquisición | Total de préstamos | Signatura topográfica completa | Código de barras | Visto por última vez | Precio de reemplazo | Tipo de ítem Koha |
|---|---|---|---|---|---|---|---|---|---|---|---|---|---|---|---|
| Clasificación decimal universal | Biblioteca del Ateneo de Madrid | Biblioteca del Ateneo de Madrid | Depósito 1 | 20/06/2013 | Donación | A-12726 | 1191423 | 23/02/2023 | 23/02/2023 | Libro impreso |
